Statistiques concernant Pays les plus proches de l'Iran - une minute sprint

Cliquez ici pour prendre le quiz!

Statistiques générales

  • Ce quiz a été pris 54 fois
  • Le résultat moyen est 13 sur 20

Statistiques - réponses

kmpays% Correct
0Irak
95%
0Turquie
88%
147Arabie Saoudite
81%
182Syrie
79%
0Afghanistan
77%
0Pakistan
77%
188Qatar
74%
97Émirats arabes unis
65%
0Arménie
63%
0Azerbaïdjan
63%
20Koweït
63%
51Oman
63%
189Géorgie
58%
596Inde
58%
165Russie
56%
191Bahreïn
53%
329Ouzbékistan
51%
342Kazakhstan
49%
0Turkménistan
49%
593Tadjikistan
40%

Distribution des résultats

Percentile par nombre de réponses

% des personnes avec chaque résultat

Votre développement - résultats

Vous n’avez pas pris ce quiz